Szkalka

Zobrazenie: pohľad na ruiny pútnickeho kostola Sv. Andreja-Svorada a Beňadika na tzv. Malej Skalke

Bibliographic Details
Format: Postcard
Language:Hungarian
PhysicalDescription:1 pohľadnica čiernobiela 9 x 14 cm
Published: Trencsén Gansel Lipót [1911?]
Subjects:

MARC

LEADER 00000nkm a2200000 a 4500
001 vtls009946938
003 SK-MaSNL
005 20260512122650.0
007 kp bo
008 231214q1911 xo g kuhun
015 |a SNBG 
035 |a urn:nbn:sk:snk-km00bkfq 
035 |a urn:nbn:sk:snk-km3ln02 
035 |a F3E7635F-95F2-4215-9000-666F0C2FC6EB 
040 |a SNK  |b slo  |c SNK  |e AACR2 
041 0 |a hun 
043 |a e-xo--- 
044 |a xo  |c SK 
080 |a 726:27-523.42  |2 2011 
080 |a 913(437.6)  |2 2001 
080 |a (084.121)904  |2 2011 
245 0 0 |a Szkalka  |h grafika 
260 |a Trencsén  |b Gansel Lipót  |c [1911?] 
300 |a 1 pohľadnica  |b čiernobiela  |c 9 x 14 cm 
520 8 |a Zobrazenie: pohľad na ruiny pútnickeho kostola Sv. Andreja-Svorada a Beňadika na tzv. Malej Skalke 
650 0 7 |a kostoly  |2 SNKPH  |9 3023 
651 7 |a Skalka nad Váhom (Slovensko)  |2 SNKPH  |9 86427 
655 7 |a pohľadnice kultúrnych pamiatok  |2 SNKPH  |9 70523 
752 |a Slovensko  |d Trenčín 
852 |a Slovenská národná knižnica 
958 |a GC 
958 |a GBN 
958 |a ONDV 
999 |c 659831  |d 661761 
952 |a SNK  |b SNK  |y PREZ  |7 0  |p 17A0629314  |o snkSP 21239  |3 rekatalogizácia  |0 0  |1 0  |4 0  |d 2009-09-04  |f 1  |l 0  |r 2026-02-23 18:50:27  |w 2026-02-23